00836nam a2200205 a 450000100100000000500170001000800410002704000250006808200140009310000470010724501310015426000840028530000200036949000290038950400270041883000380044504900090048395201210049299900170061300002844620200930054940.0110408s1986 dr 000 0 spa d aDO-SdBNPbspacBNPHU axxxbQ79c1 aQuiñónez Hernández, Guillermo95539310aLo contencioso-administrativo en la República Dominicana :bantecedentes históricos /cGuillermo Quiñónez Hernández. aSanto Domingo :bOficina Nacional de Administración y Personal (ONAP),c1986. a39 p. ;c22 cm.1 aEstudio socialesvno. 42 aBibliografía : p. 39 0aEstudio sociales ;vno. 42955394 aBNPD 001054708PDaPDbPDcCTd2011-04-08iLF1l0oxxx Q79cp28446-10r2020-06-25w2020-06-25yLFPDZPréstamo en sala c27938d27938